| 000 | 01819cam a22004814i 4500 | ||
|---|---|---|---|
| 003 | PE-LiUPU | ||
| 005 | 20250731173307.0 | ||
| 008 | 150625s2002 xxu rb 000 0 spa d | ||
| 020 | _a0311461743 | ||
| 035 | _a(Sirsi) i9780311461745 | ||
| 040 |
_aPE-LiUPU _bspa _cPE-LiUPU _erda |
||
| 049 | _aPRUA | ||
| 082 | 0 | 4 |
_a248.4 _bH31 _221 |
| 100 | 1 |
_aHeald, Jack, _eautor. |
|
| 245 | 1 | 0 |
_aCaminemos juntos / _cJack y Cynthia Heald. |
| 264 | 1 |
_aTexas : _bMundo Hispano, _c2002. |
|
| 300 |
_a125 páginas ; _c21 centímetros |
||
| 336 |
_atext _2rdacontent |
||
| 337 |
_aunmediated _2rdamedia |
||
| 338 |
_avolume _2rdacarrier |
||
| 504 | _aIncluye referencia bibliográficas. | ||
| 505 | 0 | _aAmor y aceptación de Dios -- Cómo construir juntos -- Complementación mutua -- Amor mutuo -- Honra mutua -- Roles complementarios -- Contentamiento -- Comunicación con gracia -- Intimidad -- Integridad -- Un compromiso para toda la vida. | |
| 526 | _aSEG42 | ||
| 526 | _aSEG41 | ||
| 526 | _aSEG40 | ||
| 526 | _aSEG39 | ||
| 526 | _aP94 | ||
| 526 | _aP87 | ||
| 526 | _aP86 | ||
| 526 | _aP85 | ||
| 526 | _aP77 | ||
| 526 | _aP76 | ||
| 526 | _aP35 | ||
| 541 | _g001-0000056; | ||
| 650 | 0 | 4 |
_aComunicación en el matrimonio _xExperiencias. |
| 650 | 0 | 4 |
_aIntimidad (Psicología) _xCristianismo. |
| 650 | 0 | 4 |
_aMatrimonio. _92383 |
| 942 |
_2ddc _cBOOK |
||
| 949 |
_a248.4 H31 _wDEWEY _c1 _i56014 _d2016-11-13 _e2016-11-10 _lCCODEBUL1 _mBUL _n2 _p6.00 _r0 _sY _tBOOK _u2015-6-25 _xTEOLOGIA _zUNKNOWN _0COMPRA _o.STAFF. Colección Teología |
||
| 994 |
_aC0 _bPEPRU |
||
| 596 | _a1 | ||
| 999 |
_a248.4 H31 _wDEWEY _c44842 _i56014 _d44842 _e2016-11-10 _f2021-11-11 _g5 _lCCODEBUL1 _mBUL _n2 _p6.00 _r0 _sY _tBOOK _u2015-6-25 _xTEOLOGIA _PP35 _0COMPRA _o.STAFF. Colección Teología |
||
| 980 |
_81 _gALBERTO SANCHEZ Responsable de Automatización |
||